<?xml version="1.0" encoding="UTF-8"?>
<record
    xmlns:xsi="http://www.w3.org/2001/XMLSchema-instance"
    xsi:schemaLocation="http://www.loc.gov/MARC21/slim http://www.loc.gov/standards/marcxml/schema/MARC21slim.xsd"
    xmlns="http://www.loc.gov/MARC21/slim">

  <leader>00779nam a2200217 a 4500</leader>
  <controlfield tag="001">BRCA_263</controlfield>
  <controlfield tag="005">20190320202935.0</controlfield>
  <controlfield tag="008">280508s1962----fr-a---###---#000-0#fre-#</controlfield>
  <datafield tag="050" ind1=" " ind2="4">
    <subfield code="a">NA3770</subfield>
    <subfield code="b">.T96 1962</subfield>
  </datafield>
  <datafield tag="245" ind1="1" ind2="0">
    <subfield code="a">Tunisie</subfield>
    <subfield code="b">Mosa&#xEF;ques Anciennes</subfield>
    <subfield code="c">pr&#xE9;face Giacomo Caputo ; introduction Abdelaziz Driss.</subfield>
  </datafield>
  <datafield tag="260" ind1=" " ind2=" ">
    <subfield code="a">Par&#xED;s</subfield>
    <subfield code="b">New York Graphic Society : UNESCO</subfield>
    <subfield code="c">1962</subfield>
  </datafield>
  <datafield tag="300" ind1=" " ind2=" ">
    <subfield code="a">1 v. (sin paginaci&#xF3;n)</subfield>
    <subfield code="b">il. a color</subfield>
    <subfield code="c">50 cm.</subfield>
  </datafield>
  <datafield tag="440" ind1=" " ind2="0">
    <subfield code="a">Collection UNESCO de l&#xB4;Art Mondial</subfield>
    <subfield code="9">891</subfield>
  </datafield>
  <datafield tag="504" ind1=" " ind2=" ">
    <subfield code="a">Bibliograf&#xED;a : p. [22]</subfield>
  </datafield>
  <datafield tag="610" ind1="2" ind2="4">
    <subfield code="a">Museo del Bardo</subfield>
    <subfield code="x">Colecciones de arte</subfield>
    <subfield code="z">T&#xFA;nez</subfield>
    <subfield code="9">892</subfield>
  </datafield>
  <datafield tag="650" ind1="1" ind2="4">
    <subfield code="a">Mosaicos romanos antiguos</subfield>
    <subfield code="y">Hasta 476 d.c.</subfield>
    <subfield code="9">893</subfield>
  </datafield>
  <datafield tag="650" ind1="1" ind2="4">
    <subfield code="a">Mosaicos africanos</subfield>
    <subfield code="9">894</subfield>
  </datafield>
  <datafield tag="700" ind1="1" ind2=" ">
    <subfield code="a">Caputo, Giacomo</subfield>
    <subfield code="9">895</subfield>
  </datafield>
  <datafield tag="700" ind1="1" ind2=" ">
    <subfield code="a">Driss, Abdelaziz</subfield>
    <subfield code="9">896</subfield>
  </datafield>
  <datafield tag="942" ind1=" " ind2=" ">
    <subfield code="2">lcc</subfield>
    <subfield code="c">B</subfield>
  </datafield>
  <datafield tag="999" ind1=" " ind2=" ">
    <subfield code="c">214</subfield>
    <subfield code="d">214</subfield>
  </datafield>
  <datafield tag="952" ind1=" " ind2=" ">
    <subfield code="0">0</subfield>
    <subfield code="1">0</subfield>
    <subfield code="4">0</subfield>
    <subfield code="7">0</subfield>
    <subfield code="a">BRCA</subfield>
    <subfield code="b">BRCA</subfield>
    <subfield code="d">2008-06-25</subfield>
    <subfield code="l">0</subfield>
    <subfield code="o">NA3770 .T96 1962</subfield>
    <subfield code="p">00322</subfield>
    <subfield code="r">2019-03-22 00:00:00</subfield>
    <subfield code="w">2019-03-22</subfield>
    <subfield code="y">B</subfield>
  </datafield>
</record>
